000 00466nam a2200169Ia 4500
003 GCL
008 140319s9999 xx 000 0 ara d
040 _aGCL /
_cGCL
082 0 4 _a001.94
_bر ا
100 1 _aراجى عنايت
245 1 0 _aالاشباح المشاغبة و غرائب اخرى /
_cراجى عنايت
300 _a110 ص
490 _aاغرب من الخيال
_v0
650 0 4 _aالاشباح
650 0 4 _aالخيال
942 _2ddc
_cBK
999 _c41655
_d41655